|
|
|
|
| LEADER |
00000nam0a2200000 4500 |
| 001 |
377420 |
| 005 |
20231102012920.0 |
| 020 |
|
|
|a RU
|b 87-54633
|
| 035 |
|
|
|a (RuTPU)RU\TPU\retro\34871
|
| 035 |
|
|
|a RU\TPU\retro\34870
|
| 090 |
|
|
|a 377420
|
| 100 |
|
|
|a 20230309d1960 k a0rusy5003 ca
|
| 101 |
0 |
|
|a rus
|
| 102 |
|
|
|a RU
|
| 105 |
|
|
|a a z 001zy
|
| 200 |
1 |
|
|a Сборник трудов Уфимского нефтяного института
|f Уфимский нефтяной институт ; под ред. В. Л. Березина
|
| 210 |
|
|
|a Уфа
|c Башкирское книжное издательство
|d 1960
|
| 215 |
|
|
|a 296 с.
|c ил.
|
| 225 |
1 |
|
|a Труды [Уфимского нефтяного института]
|v Вып. 3
|
| 320 |
|
|
|a Библиогр. в конце ст.
|
| 606 |
1 |
|
|a Буровые скважины
|x Бурение
|2 stltpush
|3 (RuTPU)RU\TPU\subj\30609
|9 53694
|
| 606 |
1 |
|
|a Нефтегазовые месторождения
|x Системы разработки
|x Эксплуатация
|2 stltpush
|3 (RuTPU)RU\TPU\subj\45562
|9 64757
|
| 610 |
1 |
|
|a Башкирия
|
| 610 |
1 |
|
|a движение в трубах
|
| 610 |
1 |
|
|a утяжелители
|
| 610 |
1 |
|
|a гидродинамика
|
| 610 |
1 |
|
|a дебитомер
|
| 610 |
1 |
|
|a коррозия
|
| 610 |
1 |
|
|a нефтепроводы
|
| 610 |
1 |
|
|a трубчатые печи
|
| 610 |
1 |
|
|a нефтепродукты
|
| 610 |
1 |
|
|a ректификация
|
| 610 |
1 |
|
|a переработка
|
| 675 |
|
|
|a 622.24.082
|z rus
|
| 675 |
|
|
|a 622.276
|z rus
|
| 702 |
|
1 |
|a Березин
|b В. Л.
|4 340
|
| 712 |
0 |
2 |
|a Уфимский нефтяной институт
|c (1948-1993)
|2 stltpush
|3 (RuTPU)RU\TPU\col\11359
|9 25064
|
| 801 |
|
0 |
|a RU
|b 63413507
|c 19960705
|g psbo
|
| 801 |
|
1 |
|a RU
|b 63413507
|c 20061019
|g PSBO
|
| 801 |
|
2 |
|a RU
|b 63413507
|c 20230322
|g PSBO
|
| 942 |
|
|
|c BK
|